000 00635nam a2200265Ia 4500
003 OSt
005 20221005133511.0
006 a|||||r|||| 00| 0
007 ta
008 221004b |||||||| |||| 00| 0 tam d
020 _c25.00
024 _a48966
037 _cTextual
040 _aCRL
_cCRL
_btam
041 _2tam
_atam
082 _aO31,1N26,5, M2
100 _aKannadasan Au.
245 0 _aYesukavyam
260 _c1982
300 _a399p.
_ccm.
650 _a TAMIL POETRY
650 _aTAMIL LITERATURE
942 _hO31,1N26,5, M2
_cTEXL
_2cc
999 _c1067024
_d1067024